书目信息 |
| 题名: |
小麦病害防治
|
|
| 作者: | 李振歧 , 高鸿生 主编 | |
| 分册: | ||
| 出版信息: | 北京 金盾出版社 1994 |
|
| 页数: | 87 | |
| 开本: | 20cm | |
| 丛书名: | ||
| 单 册: | ||
| 中图分类: | S43 | |
| 科图分类: | ||
| 主题词: | 植物--病虫害 , 植物--病虫害防治方法 | |
| 电子资源: | ||
| ISBN: | 7-80022-954-8 | |
| 000 | 00618nam0 2200205 450 | |
| 001 | 0754114953 | |
| 005 | 20070929150154.95 | |
| 010 | @a7-80022-954-8@dCNY3.00 | |
| 100 | @a20070929d km y0chiy0120 ea | |
| 101 | 0 | @achi |
| 200 | 1 | @a小麦病害防治@Axiao mai bing hai fang zhi@f李振歧,高鸿生 主编@Fli zhen qi,gao hong sheng zhu bian |
| 210 | @a北京@c金盾出版社@d1994 | |
| 215 | @a87@c彩图@d20cm | |
| 606 | 0 | @a植物@x病虫害 |
| 606 | 0 | @a植物@x病虫害防治方法 |
| 690 | @aS43@v3 | |
| 701 | 0 | @a李振歧@Ali zhen qi@4主编 |
| 701 | 0 | @a高鸿生@Agao hong sheng@4主编 |
| 801 | 0 | @aCN@bPFT@c20070929 |
| 905 | @a213230@dS43@eh4@f1 | |
| 小麦病害防治/李振歧,高鸿生 主编.-北京:金盾出版社,1994 |
| 87:彩图;20cm |
| ISBN 7-80022-954-8:CNY3.00 |
| ● |
| 相关链接 |
|
|
|
|
正题名:小麦病害防治
索取号:S43/h4
 
预约/预借
| 序号 | 登录号 | 条形码 | 馆藏地/架位号 | 状态 | 备注 |
| 1 | 6000950 | 260009500 | 密集书库-化学系/ [索取号:S43/h4] | 在馆 |